Die teuersten Fußballtransfers aller Zeiten - Statistiken

Allgemein
  • Dieses Quiz wurde 146 mal gespielt
  • Das Durchschnittsergebnis liegt bei 13 aus 15
Antwortstatistiken
Ablöse (M €) Saison Nationalität Abgebender Verein Aufnehmender Verein Spieler % Korrekt
180,00 2018-2019 Frankreich AS Monaco Paris SG Kylian Mbappé
100%
222,00 2017-2018 Brasilien FC Barcelona Paris SG Neymar
100%
117,00 2018-2019 Portugal Real Madrid Juventus Turin Cristiano Ronaldo
94%
103,00 2023-2024 England Borussia Dortmund Real Madrid Jude Bellingham
94%
135,00 2017-2018 Frankreich Borussia Dortmund FC Barcelona Ousmane Dembélé
94%
120,00 2019-2020 Frankreich Atlético Madrid FC Barcelona Antoine Griezmann
92%
120,80 2019-2020 Belgien FC Chelsea Real Madrid Eden Hazard
90%
105,00 2016-2017 Frankreich Juventus Turin Manchester United Paul Pogba
90%
135,00 2017-2018 Brasilien FC Liverpool FC Barcelona Philippe Coutinho
90%
113,00 2021-2022 Belgien Inter Mailand FC Chelsea Romelu Lukaku
87%
117,50 2021-2022 England Aston Villa Manchester City Jack Grealish
86%
127,20 2019-2020 Portugal Benfica Atlético Madrid João Félix
86%
116,60 2023-2024 England West Ham United FC Arsenal Declan Rice
84%
121,00 2022-2023 Argentinien Benfica FC Chelsea Enzo Fernández
81%
116,00 2023-2024 Ecuador Brighton FC Chelsea Moisés Caicedo
74%
Keine übereinstimmenden Quizze gefunden
Verteilung der Resultate
Anzahl Personen mit jedem Resultat
Perzentil nach korrekt beantworteten Fragen
Ihre Resultats-Entwicklung
Sie haben dieses Quiz noch nicht gespielt